Celebrities Who Support Donald Trump In The 2024 Election - Statistics

General Stats
  • This quiz has been taken 52 times
  • The average score is 13 of 58
Answer Stats
Hint Answer % Correct
Founder of Tesla and SpaceX, bought the Twitter platform Elon Musk
94%
Fought Mike Tyson just before the election Jake Paul
62%
Produced the albums Graduation, Yeezus, and Ye Kanye West
62%
He’s the Italian Stallion Sylvester Stallone
56%
One of the most popular and well known professional wrestlers Hulk Hogan
50%
One of the most kick-ass actors ever, stars in Die Hard and Armeggedon Bruce Willis
47%
Plays Star Lord in the MCU Chris Pratt
44%
Preformed at the RNC because he’s a cowboy baby Kid Rock
44%
One of the best boxers of all times Mike Tyson
44%
Ran as the third party candidate of the election but dropped out and endorsed Trump Robert F Kennedy Jr
44%
Home Improvement, Toy Story, and The Santa Claus Tim Allen
44%
On Mad Max and Braveheart Mel Gibson
41%
He’s Ted’s best friend Mark Wahlberg
35%
President of UFC Dana White
32%
The Star of Gran Torino Clint Eastwood
29%
Frontman of KISS, and he’s a demon Gene Simmons
29%
Almost Identical to the above Joe Rogan
29%
Considered the best quarterback of all time Tom Brady
29%
He was a rapper, but now is a full time actor 50 Cent
26%
Corey Haims and… who? Corey Feldman
24%
The most famous modern doctor Dr Phil
24%
He is Pixar’s good luck charm, you could also call him Cliff the Mailman John Ratzenberger
24%
He’s proud to be an American Lee Greenwood
24%
One of the founders of the punk band The Ramones Johnny Ramone
21%
Plays Nicholas Cage’s father in National Treasure Jon Voight
21%
Brother of the above Kirk Cameron
21%
Stars in Dodgeball, For Christmases, and Fred Claus Vince Vaughn
21%
The most well known martial artist Chuck Norris
18%
Guitarist for both Metallica and Megadeth Dave Mustain
18%
Played one of the most iconic Disney Villains from the movie Hercules James Woods
18%
One of the five Beach Boys… but which one? Mike Love
18%
Replaced David Lee Roth as Van Halen’s lead singer Sammy Hagar
18%
Played DJ Tanner on the Full House and Fuller House sitcoms Candace Cameron Bure
15%
His ex is over buckles, spurs, and Wrangler pearl snap shirts Cody Johnson
15%
His biggest hit is Dirt Road Anthem Jason Aldean
15%
Star of Dukes of Hazard and turned businesswoman who owns her own clothing line Jessica Simpson
15%
He was one of three men… and took care of a baby Tom Selleck
15%
His buddies are Sixx, Mick, and Tom Vince Neil
15%
Plays guitar for Aerosmith, retired in 2024 Joe Perry
12%
She’s a rapper, and her real name is Janae Nierah Wherry Sexxy Red
12%
Cousin Itt (take note of the double letters) Snoop Dogg
12%
When you think of iconic trios, how many of you think of ZZTop? How many of you knew one was a Trump supporter? Billy Gibbons
9%
He had seven dogs with the same spirit in two of his movies… Dennis Quaid
9%
Starred in Storks, Anastasia, and Transformers: Age of Extinction Kelsey Grammer
9%
Starred as Donna Pinciotti on the best show ever, That ‘70s Show Laura Prepon
9%
Inducted into the Rock and Roll Hall of Fame in 2006 Ted Nugent
9%
He says it’s a great day to be alive Travis Tritt
9%
Endorsed Trump after first choice of RFK dropped out of the race Zachary Levi
9%
He made a song about Kamala and the democrats… he called it Hey Stoopid Alice Cooper
6%
The King of Country George Strait
6%
One of the best directors ever Steven Seagal
6%
He’s not the only one… Aaron Lewis
3%
A popular Estonian comedian living in the United States Ari Matti
3%
Are you team Dean? Jared Padalecki
3%
Owns the Treasure Island casino in Las Vegas Phil Ruffin
3%
An adult film actress who tried to hold a campaign rally for Trump in Las Vegas Richelle Ryan
3%
The frontman and lead singer of the band Godsmack… and he’s Unforgettable Sully Erna
3%
Endorsed Trump in 2016 and 2020, but died in February of 2024 Toby Kieth
3%
No matching quizzes found
Score Distribution
Percent of People with Each Score
Percentile by Number Answered
Your Score History
You have not taken this quiz